000 01412cam a2200277Ka 4500
001 stupidjokesforki00newy
003 CaSfIA
005 20210119085249.0
007 cr||||
008 971217t19911989nyu f 000 0 eng d
040 _aKPR
_cKPR
_dOCLCQ
_dCaSfIA
020 _z0345370627 (pbk.)
035 _a(OCoLC)38101589
245 0 0 _aStupid jokes for kids
_h[electronic resource]
_bselections from The great big fat giant joke book.
260 _aNew York :
_bBallantine Books,
_c1991, c1989.
300 _a216 p. ;
_cdc 18 cm.
500 _a"This work consists of portions of The great big fat giant joke book originally published by Cliveden Press in Great Britain in 1989."--T.p. verso.
533 _aBraille.
_bHuntington Beach, Calif. :
_cBeach Cities Braille Guild.
_e4 v. (225 p.).
650 0 _aWit and humor.
650 1 _aJokes.
856 4 1 _uhttp://www.archive.org/details/stupidjokesforki00newy
_zFree eBook from the Internet Archive
856 4 2 _uhttp://www.openlibrary.org/books/OL24237304M
_zAdditional information and access via Open Library
942 _cEB
506 _fНеобхідна авторизація на https://archive.org/ (створення облікового запису безкоштовно)
506 _fНеобхідна авторизація на https://openlibrary.org/ (створення облікового запису безкоштовно)
999 _c553690
_d553690